Cuadernos CELA: serie análisis de coyuntura /
Guardat en:
| Autor corporatiu: | |
|---|---|
| Format: | Llibre |
| Idioma: | Spanish |
| Publicat: |
México D.F. :
CELA
|
| Matèries: | |
| Etiquetes: |
Afegir etiqueta
Sense etiquetes, Sigues el primer a etiquetar aquest registre!
|
MARC
| LEADER | 00000nam a22000007a 4500 | ||
|---|---|---|---|
| 003 | cru IIS | ||
| 005 | 20210907102106.0 | ||
| 007 | ta | ||
| 008 | 210907n mx |||p|r||||||0| |spa|d | ||
| 040 | |c cru IIS | ||
| 090 | |a REV0311 | ||
| 110 | 1 | |9 9970 |a Universidad Nacional Autónoma de México. |b Centro de Estudios Latinoamericanos | |
| 245 | 1 | |a Cuadernos CELA: |b serie análisis de coyuntura / |c Universidad Autónoma de México. Facultad de Ciencias Políticas y Sociales. Centro de Estudios Latinoamericanos | |
| 260 | |a México D.F. : |b CELA | ||
| 270 | |d México |e Apdo. postal 41. Chapingo | ||
| 500 | |a EXISTENCIAS : 1979 (2) 1980 (4) | ||
| 650 | 0 | |9 1862 |a CRISTIANISMO | |
| 650 | 0 | |9 1860 |a IGLESIA | |
| 650 | 0 | |9 394 |a USO DE LA TIERRA | |
| 650 | 0 | |9 306 |a ELECCIONES | |
| 942 | |2 ddc |c PP | ||
| 999 | |c 43853 |d 43853 | ||
